Piłka nożna - Premier League - quiz - Statystyki

Ogólne statystyki
  • Ten quiz został rozwiązany 129 razy
  • Średni wynik to 11 z 15
Statystyki odpowiedzi
Zagadnienie Odpowiedź % Poprawnych
Najbardziej utytułowany szkoleniowiec w historii Premier League to: sir Alex Ferguson
93%
Kto był trenerem drużyny Liverpool FC w tym sezonie (2024/2025)? Arne Slot
88%
Który zawodnik zdobył decydującą bramkę na wagę mistrzostwa Anglii dla Manchesteru City w pamiętnym meczu przeciwko QPR w 2012 r. ? Sergio Aguero
88%
Na herbie którego z tych klubów NIE występuje zwierzę? Fulham
87%
Pierwszym kapitanem Manchesteru United w tym sezonie (2024/2025) był: Bruno Fernandes
84%
Który z tych zawodników wystąpił w największej liczbie meczów dla Chelsea w Premier League? John Terry
82%
Zaznacz odpowiedź zawierającą tylko drużyny, które w tym sezonie (2024/2025) spadły z Premier League. Leicester City, Ipswich Town, Southampton
82%
Która drużyna nosi charakterystyczny przydomek "Sroki" ("The magpies")? Newcastle United
81%
Który zawodnik był bohaterem głośnego skandalu - kopnięcia kibica drużyny przeciwnej w maju 1995 roku? Eric Cantona
79%
Najlepszy strzelec w historii Premier League to: Alan Shearer
71%
Jaki wynik padł w meczu pomiędzy Liverpoolem a Manchesterem United z 5 marca 2023 roku, w którym The Reds zdeklasowali rywala? 7:0
68%
Który spośród tych klubów zdobył najwięcej mistrzostw Premier League? (od 1992 r.) Manchester City
61%
Który z pośród podanych zawodników zaliczył najwięcej występów w Premier League? James Milner
59%
Który zawodnik zaliczył najwięcej asyst w historii Premier League? Ryan Giggs
44%
Który obrońca ma najwięcej asyst w historii Premier League? Trent Alexander-Arnold
43%
Nie znaleziono quizów pasujących do podanych kryteriów
Rozkład punktacji
Procent ludzi z każdym wynikiem
Percentyl według liczby udzielonych odpowiedzi
Twoja historia wyników
Nie rozwiązałeś tego quizu